000 00810nab a2200241 u 4500
001 10215
003 HDC
007 cr bn ---aaaaa
008 210203c9999 |r|nos 0 a eng d
040 _aHDC
110 _aBusiness week
245 0 _aMeat supplier ordered to pay nearly £20,000 for fake halal labels
260 _a[no place] :
_b[publisher not identified],
_c[no year]
336 _atext
_2rdacontent
337 _acomputer
_2rdamedia
338 _aonline resource
_2rdacarrier
650 _afake halal labels
_910455
650 _aMeat supplier
_910454
856 _zRequest full-text at [email protected]
942 _2lcc
942 _cNEWS
942 _kNWSO 000131
999 _c7538
_d7538